Česká republika v mezinárodní ekonomice čtvrtletní přehled

Uložené v:
Podrobná bibliografia
Médium: Seriál
Jazyk:Czech
Vydavateľské údaje: Praha Centrum vnějších ekonomických vztahů
Predmet:
Tagy: Pridať tag
Žiadne tagy, Buďte prvý, kto otaguje tento záznam!

MARC

LEADER 00000nas1a22000001 4500
001 s120113
005 20230404111827.8
022 |a 1210-6593 
041 0 |a cze 
044 |a CZ 
245 1 0 |a Česká republika v mezinárodní ekonomice  |b čtvrtletní přehled 
264 1 |a Praha  |b Centrum vnějších ekonomických vztahů 
610 2 0 |a hospodárstvo svetové 
610 2 0 |a obchod zahraničný 
610 2 0 |a údaje štatistické